ბათუმის შოთა რუსთაველის სახელმწიფო უნივერსიტეტის ბიბლიოთეკა

The Development of Modern Epidemiology: (ბიბ.ჩანაწერი № 61759)

000 -LEADER
fixed length control field 00816nam a22002057a 4500
005 - DATE AND TIME OF LATEST TRANSACTION
control field 20240429155732.0
008 - FIXED-LENGTH DATA ELEMENTS--GENERAL INFORMATION
fixed length control field 240429s2008 enk||||| |||| 00| 0 eng d
020 ## - INTERNATIONAL STANDARD BOOK NUMBER
International Standard Book Number 9780198569541x
041 ## - LANGUAGE CODE
Language code of text/sound track or separate title eng
080 ## - UNIVERSAL DECIMAL CLASSIFICATION NUMBER
Universal Decimal Classification number 616.9 The-44
245 ## - TITLE STATEMENT
Title The Development of Modern Epidemiology:
Remainder of title Personal Stories from Those Who Were There /
Statement of responsibility, etc. Edited by Walter W. Holland, Jørn Olsen, Charles du V. Florey.
264 ## - PRODUCTION, PUBLICATION, DISTRIBUTION, MANUFACTURE, AND COPYRIGHT NOTICE
Place of production, publication, distribution, manufacture Oxford:
Name of producer, publisher, distributor, manufacturer Oxford University Press,
Date of production, publication, distribution, manufacture, or copyright notice 2008.
300 ## - PHYSICAL DESCRIPTION
Extent 456 p.:
Other physical details ill.;
Dimensions 25 cm.
653 ## - INDEX TERM--UNCONTROLLED
keyword ეპიდემიოლოგია
653 ## - INDEX TERM--UNCONTROLLED
keyword მედიცინა
700 ## - ADDED ENTRY--PERSONAL NAME
Personal name Holland, Walter W.
Relator term რედაქტორი
9 (RLIN) 21981
700 ## - ADDED ENTRY--PERSONAL NAME
Personal name Olsen, Jørn
Relator term რედაქტორი
9 (RLIN) 21982
700 ## - ADDED ENTRY--PERSONAL NAME
Personal name Florey, Charles du V.
Relator term რედაქტორი
9 (RLIN) 21983
942 ## - ADDED ENTRY ELEMENTS (KOHA)
Source of classification or shelving scheme
Koha item type წიგნი
ეგზემპლარები
Withdrawn status Lost status Source of classification or shelving scheme Damaged status Not for loan Permanent Location Current Location Shelving location Date acquired Cost, normal purchase price Full call number Barcode Date last seen Copy number Price effective from Koha item type Public note
          ბათუმის შოთა რუსთაველის სახელმწიფო უნივერსიტეტის მთავარი ბიბლიოთეკა ბათუმის შოთა რუსთაველის სახელმწიფო უნივერსიტეტის მთავარი ბიბლიოთეკა წიგნსაცავი 2024-04-29 220.00 616.9 The-44 67926 2024-04-29 67926 2024-04-29 წიგნი 220 ლ.
          ბათუმის შოთა რუსთაველის სახელმწიფო უნივერსიტეტის მთავარი ბიბლიოთეკა ბათუმის შოთა რუსთაველის სახელმწიფო უნივერსიტეტის მთავარი ბიბლიოთეკა წიგნსაცავი 2024-04-29 220.00 616.9 The-44 67927 2024-04-29 67927 2024-04-29 წიგნი 220 ლ.